[Event "Ciechocinek KPZ-ch"]
[Site "Ciechocinek"]
[Date "2002.??.??"]
[Round "6"]
[White "Jaroch, Pawel"]
[Black "Kisielewski, Slawomir"]
[Result "1/2-1/2"]
[WhiteElo "2041"]
[BlackElo "2000"]
[PlyCount "80"]
[EventDate "2002.??.??"]
[EventType "swiss"]
[EventRounds "9"]
[EventCountry "POL"]
[SourceTitle "EXT 2007"]
[Source "ChessBase"]
[SourceDate "2006.11.23"]
[SourceVersion "1"]
[SourceVersionDate "2006.11.23"]
[SourceQuality "1"]

1. Nf3 d5 2. c4 e6 3. g3 b6 4. Bg2 Bb7 5. 0-0 Nf6 6. b3 Be7 7. d3 0-0 8. Re1 c5 9. Nbd2 Nbd7 10. e4 d4 11. Nf1 e5 12. Nh4 g6 13. Bh6 Re8 14. f4 Bf8 15. Bxf8 Rxf8 16. f5 Kg7 17. Qc1 h6 18. Re2 Ne8 19. Rf2 g5 20. Nf3 f6 21. a4 a5 22. N1d2 Nc7 23. Kf1 Kf7 24. Ke2 Ke7 25. Qb2 Na6 26. Rh1 Rh8 27. Rff1 Qg8 28. Rfg1 Qf7 29. Qa2 Rag8 30. Qb2 Rg7 31. Qa2 Nb4 32. Qb2 Kd6 33. Qb1 h5 34. Qb2 Nf8 35. Qb1 Nd7 36. Bf1 Nb8 37. Kf2 N8c6 38. Be2 Ne7 39. Ke1 Ng8 40. Nf1 Nh6 1/2-1/2

[Event "Ciechocinek KPZ-ch"]
[Site "Ciechocinek"]
[Date "2002.??.??"]
[Round "2"]
[White "Kisielewski, Slawomir"]
[Black "Kukula, Pawel"]
[Result "0-1"]
[WhiteElo "2000"]
[BlackElo "2216"]
[PlyCount "54"]
[EventDate "2002.??.??"]
[EventType "swiss"]
[EventRounds "9"]
[EventCountry "POL"]
[SourceTitle "EXT 2007"]
[Source "ChessBase"]
[SourceDate "2006.11.23"]
[SourceVersion "1"]
[SourceVersionDate "2006.11.23"]
[SourceQuality "1"]

1. d4 e6 2. c4 c5 3. Nf3 cxd4 4. Nxd4 b6 5. e4 d6 6. Nc3 Bb7 7. g3 Nf6 8. Bg2 a6 9. 0-0 Qc7 10. Qe2 Nbd7 11. Bd2 Be7 12. Rac1 Rc8 13. b3 0-0 14. Kh1 Rfe8 15. f4 Qb8 16. f5 exf5 17. Nxf5 Bf8 18. Rce1 b5 19. cxb5 axb5 20. Qxb5 Rc5 21. Qd3 Ne5 22. Qb1 Ba6 23. Rg1 Nd3 24. Re2 Rxf5 25. Be3 Ng4 26. exf5 Rxe3 27. h3 Ndf2+ 0-1

[Event "Ciechocinek KPZ-ch"]
[Site "Ciechocinek"]
[Date "2002.??.??"]
[Round "4"]
[White "Kisielewski, Slawomir"]
[Black "Mazalon, Mariusz"]
[Result "1-0"]
[WhiteElo "2000"]
[BlackElo "2137"]
[PlyCount "81"]
[EventDate "2002.??.??"]
[EventType "swiss"]
[EventRounds "9"]
[EventCountry "POL"]
[SourceTitle "EXT 2007"]
[Source "ChessBase"]
[SourceDate "2006.11.23"]
[SourceVersion "1"]
[SourceVersionDate "2006.11.23"]
[SourceQuality "1"]

1. d4 Nf6 2. c4 e6 3. Nf3 Bb4+ 4. Bd2 Qe7 5. Nc3 0-0 6. e3 d6 7. Be2 e5 8. dxe5 dxe5 9. a3 Bxc3 10. Bxc3 Nc6 11. Qc2 Bg4 12. 0-0 Rfe8 13. Rad1 h6 14. Rfe1 Qe6 15. b3 Bf5 16. Qb2 Ne4 17. Bd3 Nxc3 18. Qxc3 Bg4 19. Be4 Qe7 20. b4 f5 21. Bd5+ Kh8 22. e4 Bxf3 23. Qxf3 Nd4 24. Qh5 c6 25. exf5 Qf6 26. Rxd4 cxd5 27. Rxd5 e4 28. Qh3 Qb2 29. Qe3 b6 30. Rd6 Qe5 31. Rd5 Qb2 32. Rd4 Rac8 33. f6 Rc7 34. fxg7+ Rxg7 35. Qxh6+ Kg8 36. Qe3 a5 37. Rxe4 Rxe4 38. Qxe4 Qxa3 39. Qe8+ Kh7 40. Qh5+ Kg8 41. Re8# 1-0